000
00316nam a22001457a 4500
008
221006b ||||| |||| 00| 0 eng d
020
_a
9780190253547
041
_a
eng
080
_a
572
082
_a
572 BRO
100
_a
44.1
101
_a
ANTR
245
_a
CULTURAL ANTHROPOLOGY
_c
BRONDO K
942
_2
udc
_c
BK
999
_c
58378
_d
58378